Click the North Sea Countries Quiz Stats

 Plays Quiz Updated Aug 3, 2017

Support Sporcle.
Go Orange.
Score 0/7 Timer 00:30
7 Plays Today
% Correct
United Kingdom
96.6%
Norway
95%
Germany
94.8%
Denmark
93.8%
Netherlands
92.1%
Belgium
89.6%
France
87.2%

You're not logged in!

Compare scores with friends on all Sporcle quizzes.
OR
Log In
Forgot?

From the Vault

16 Rock 'N' Roll Tattoos

by pretzelbabe0x

If you're going to get a tattoo you later regret, definitely choose one of your favorite rock bands.
Remove Ads.
Support Sporcle.
Get the best of Sporcle when you Go Orange. This ad-free experience offers more features, more stats, and more fun while also helping to support Sporcle. Thank you for becoming a member.

Show Comments

Extras

Top Quizzes Today


Score Distribution

Your Account Isn't Verified!

In order to create a playlist on Sporcle, you need to verify the email address you used during registration. Go to your Sporcle Settings to finish the process.

Report this User

Report this user for behavior that violates our Community Guidelines.

Details: